| 000 | 00516nam a22001697a 4500 | ||
|---|---|---|---|
| 005 | 20251108165255.0 | ||
| 008 | 250721s1997 xx 000 0 ara d | ||
| 082 | 1 | 4 | _a574.33/حمي |
| 100 | 1 | _aالحاج، حميد أحمد | |
| 245 | 1 | 0 | _aأساسيات علم الأجنة / |
| 264 | 1 |
_aعمان : _bالجامعة الأردنية - عمادة البحث العلمي، _c1997. |
|
| 300 | _a448ص | ||
| 650 | 1 | 7 | _aعلم الأجنة |
| 650 | 1 | 7 | _aعلم الأحياء |
| 942 |
_2ddc _cBK |
||
| 999 |
_c23850 _d23850 |
||